Les Pokémon apparus dans l'épisode 1 de l'animé - Statistiques

Statistiques générales
  • Ce quiz a été pris 1 173 fois
  • Le résultat moyen est 10 sur 16
Statistiques - réponses
Hint Réponse % Correct
025 Pikachu
99%
004 Salamèche
98%
001 Bulbizarre
97%
007 Carapuce
97%
021 Piafabec
85%
016 Roucool
84%
250 Ho-Oh
76%
019 Rattata
68%
094 Ectoplasma
47%
033 Nidorino
46%
027 Sabelette
45%
130 Léviator
44%
129 Magicarpe
44%
095 Onix
38%
056 Férosinge
20%
085 Dodrio
18%
Aucun quiz correspondant
Distribution des résultats
% des personnes avec chaque résultat
Percentile par nombre de réponses
Votre historique - résultats
Vous n’avez pas pris ce quiz